Statistiken für Taylor Swift Lieder, in welchen Städte der Welt aufkommen

Klicken Sie hier um das Quiz zu spielen!

Allgemein

  • Dieses Quiz wurde 304 mal gespielt
  • Das Durchschnittsergebnis liegt bei 6 aus 21

Antwortstatistiken

AlbumStadtLied% Korrekt
LoverLondonLondon Boy
93%
1989New YorkWelcome To New York
89%
MidnightsParisParis
68%
LoverSt-TropezThe Man
44%
RedNew YorkCome Back... Be Here
34%
RedLondonCome Back... Be Here
34%
MidnightsNew YorkMaroon
34%
FolkloreSt-Louisthe last great american dynasty
34%
LoverNew YorkDaylight
18%
EvermoreTupelodorothea
17%
LoverNew YorkFalse God
17%
FolkloreNew Yorkhoax
13%
FolkloreLos Angelesinvisible string
12%
EvermoreLos Angeles'tis the damn season
11%
Speak NowLos AngelesWhen Emma Falls in Love
11%
Speak NowNew YorkWhen Emma Falls in Love
11%
RedNew YorkHoly Ground
9%
RedLondonMessage In A Bottle
9%
RedLos AngelesThe Very First Night
8%
Kein AlbumLondonBeautiful Ghosts
5%
Kein AlbumLos AngelesDark Blue Tennessee
0%

Verteilung der Resultate

Perzentil nach korrekt beantworteten Fragen

Anzahl Personen mit jedem Resultat

Ihre Resultats-Entwicklung

Sie haben dieses Quiz noch nicht gespielt